000 00694nam a2200241I 4500
001 31798
003 BD-RjUL
005 20211209051741.0
008 140422 1960 i eng d
035 _a(BD-RjUL)31886
040 _cKEN
_dBD-RjUL
_aBD-RjUL
_beng
041 1 _aengfre
082 _a294
_bBAB 1960
099 1 _a299.11 B23b
100 1 _aBarth, Auguste,
_d1834-1916.
_996800
245 1 0 _aBulletin on the religions of India /
260 _aCalcutta :
_bDistributors: K. L. Mukhopadhyaya,
_c1960.
300 _a[6] 55 p. ;
_c24 cm.
650 _aReligion
_996801
651 0 _aIndia
_xReligion
_xBibliography.
_996802
651 0 _aIndia
_xReligion.
_996803
942 _2ddc
_cBK
999 _c31798
_d31798